Alle deutschen Städte mit C - Statistiken

Allgemein
  • Dieses Quiz wurde 1.088 mal gespielt
  • Das Durchschnittsergebnis liegt bei 11 aus 23
Antwortstatistiken
Einwohner Stadt BL % Korrekt
244.401 Chemnitz SN
97%
98.693 Cottbus BB
88%
69.399 Celle NI
85%
40.842 Coburg BY
79%
73.126 Castrop-Rauxel NW
67%
17.053 Cham BY
64%
35.966 Cloppenburg NI
64%
23.716 Calw BW
62%
36.182 Coesfeld NW
62%
48.326 Cuxhaven NI
62%
34.661 Crailsheim BW
58%
5.256 Cochem RP
52%
14.844 Clausthal-Zellerfeld NI
47%
18.167 Crimmitschau SN
46%
20.694 Coswig (Sachsen) SN
38%
11.521 Coswig (Anhalt) ST
36%
8.299 Calbe (Saale) ST
26%
7.734 Calau BB
25%
8.374 Colditz SN
21%
4.780 Crivitz MV
17%
4.631 Creglingen BW
15%
1.058 Clingen TH
14%
4.994 Creußen BY
13%
Keine übereinstimmenden Quizze gefunden
Verteilung der Resultate
Anzahl Personen mit jedem Resultat
Perzentil nach korrekt beantworteten Fragen
Ihre Resultats-Entwicklung
Sie haben dieses Quiz noch nicht gespielt